header

Meaning, logic and ludics (Record no. 126832)

MARC details
000 -LEADER
fixed length control field 01400nam a2200337 a 4500
082 04 - DEWEY DECIMAL CLASSIFICATION NUMBER
Classification number 006.3/5
100 1# - MAIN ENTRY--AUTHOR NAME
Personal name Lecomte, Alain,
245 10 - TITLE STATEMENT
Title Meaning, logic and ludics
260 ## - PUBLICATION, DISTRIBUTION, ETC. (IMPRINT)
Place of publication London :
Name of publisher Imperial College Press ;
Place of publication Hackensack, N.J. :
Name of publisher Distributed by World Scientific Pub. Co. Pte. Ltd.,
Year of publication c2011.
300 ## - PHYSICAL DESCRIPTION
Number of Pages xvii, 369 p. :
Other physical details ill.
505 0# - FORMATTED CONTENTS NOTE
Formatted contents note pt. 1. Truth-conditional meaning -- pt. 2. Logic -- pt. 3. Proof theory applied to linguistics -- pt. 4. Ludics.
650 #0 - SUBJECT ADDED ENTRY--TOPICAL TERM
Topical Term Computational linguistics.
Topical Term Logic.
856 40 - ELECTRONIC LOCATION AND ACCESS
Uniform Resource Identifier http://site.ebrary.com/lib/rucke/Doc?id=10493525

No items available.

© 2026 Rongo University
Contact us: librarian | system librarian | Rongo university